Statistics for 100 Biggest US Cities in 2000

Click here to take the quiz!

General Stats

  • This quiz has been taken 174 times
  • The average score is 64 of 100

Answer Stats

PopulationCity% Correct
8,008,278New York City
100%
1,188,580Dallas
99%
3,694,820Los Angeles
99%
776,733San Francisco
98%
2,896,016Chicago
98%
362,470Miami
98%
1,517,550Philadelphia
97%
1,953,631Houston
96%
1,321,045Phoenix
94%
563,374Seattle
94%
554,636Denver
93%
589,141Boston
93%
416,474Atlanta
93%
951,270Detroit
93%
1,223,400San Diego
92%
529,121Portland
89%
1,144,646San Antonio
89%
735,617Jacksonville
88%
484,674New Orleans
88%
382,618Minneapolis
88%
781,870Indianapolis
88%
572,059Washington
88%
545,524Nashville
87%
478,434Las Vegas
86%
303,447Tampa
85%
506,132Oklahoma City
85%
441,545Kansas City
84%
478,403Cleveland
84%
650,100Memphis
83%
894,943San Jose
82%
656,562Austin
82%
711,470Columbus
81%
348,189St. Louis
81%
407,018Sacramento
81%
331,285Cincinnati
80%
334,563Pittsburgh
80%
651,154Baltimore
80%
596,974Milwaukee
79%
287,151St. Paul
78%
540,828Charlotte
77%
292,648Buffalo
75%
563,662El Paso
75%
276,093Raleigh
74%
486,699Tucson
74%
534,694Fort Worth
74%
256,231Louisville
74%
448,607Albuquerque
72%
242,820Birmingham
70%
399,484Oakland
70%
390,007Omaha
68%
360,890Colorado Springs
67%
427,652Fresno
66%
197,790Richmond
64%
208,054Madison
62%
393,049Tulsa
61%
273,546Newark
60%
425,257Virginia Beach
60%
227,818Baton Rouge
60%
225,581Lincoln
60%
198,682Des Moines
58%
461,522Long Beach
58%
260,283Anchorage
54%
396,375Mesa
54%
219,773Rochester
54%
344,284Wichita
53%
328,014Anaheim
51%
201,568Montgomery
51%
240,055Jersey City
50%
247,057Bakersfield
49%
313,619Toledo
49%
217,074Akron
48%
197,800Grand Rapids
46%
195,629Spokane
46%
260,512Lexington
46%
277,454Corpus Christi
45%
205,727Fort Wayne
45%
255,166Riverside
43%
223,891Greensboro
43%
332,969Arlington
43%
234,403Norfolk
41%
198,915Mobile
41%
276,393Aurora
41%
248,232St. Petersburg
40%
337,977Santa Ana
37%
193,556Tacoma
36%
195,182Augusta
35%
222,030Plano
33%
199,564Lubbock
33%
243,771Stockton
29%
202,705Scottsdale
28%
200,145Shreveport
27%
196,086Yonkers
25%
191,615Irving
25%
218,812Glendale, AZ
24%
194,973Glendale, CA
24%
199,184Chesapeake
20%
203,413Fremont
20%
226,419Hialeah
20%
215,768Garland
13%
189,594Huntington Beach
9%

Score Distribution

Percentile by Number Answered

Percent of People with Each Score

Your Score History

You have not taken this quiz